| 000 | 00794nam a2200253 a 4500 | ||
|---|---|---|---|
| 001 | 1118 | ||
| 003 | BR-CuiBMT | ||
| 005 | 20231128231337.0 | ||
| 008 | 231126s2006 mtba 001 0 por d | ||
| 020 | _a8589991040 | ||
| 040 |
_aBR-CuiBMT _cBR-CuiBMT |
||
| 080 |
_22007 _a316.722 _x(817.2) |
||
| 090 |
_a316.722(817.2) _bM386r _c2. ed. |
||
| 100 | 1 |
_aMartins Júnior, Moisés Mendes, _d1941- |
|
| 245 | 1 | 0 |
_aRevendo e reciclando a cultura cuiabana / _cMoisés Mendes Martins Júnior. |
| 250 | _a2. ed. | ||
| 260 |
_aCuiabá : _bJanina, _c2006. |
||
| 300 |
_a244 p. : _bil., color. ; _c21 cm |
||
| 504 | _aInclui bibliografia e índice. | ||
| 650 |
_aCultura _xHistória _zCuiabá (MT) |
||
| 650 |
_aGastronomia cuiabana _zMato Grosso |
||
| 650 | _aLingüística cuiabana | ||
| 942 |
_2udc _cLV |
||
| 999 |
_c1118 _d1118 |
||